La guerra Franco-prusiana (1870-71) / (Record no. 159933)

MARC details
000 -LEADER
campo de control de longitud fija 00934nam a2200169 i 4500
001 - NÚMERO DE CONTROL
campo de control 159933
003 - IDENTIFICADOR DE NÚMERO DE CONTROL
campo de control ES-MaACL
005 - FECHA Y HORA DE LA ÚLTIMA TRANSACCIÓN
campo de control 20251218063015.0
008 - DATOS DE LONGITUD FIJA--INFORMACIÓN GENERAL
campo de control de longitud fija 970902s1891 sp |||| | spa d
040 ## - FUENTE DE CATALOGACIÓN
Centro catalogador/agencia de origen AS
Lengua de catalogación spa
Centro/agencia transcriptor CCPB | SIC
100 1# - ENTRADA PRINCIPAL--NOMBRE DE PERSONA
Nombre de persona Moltke, Helmuth Karl Bernhard Graf von,
Títulos y otros términos asociados al nombre Conde de,
Fechas asociadas al nombre 1800-1891
9 (RLIN) 130038
245 13 - MENCIÓN DEL TÍTULO
Título La guerra Franco-prusiana (1870-71) /
Mención de responsabilidad, etc. por el general conde de Moltke.
260 ## - PUBLICACIÓN, DISTRIBUCIÓN, ETC.
Lugar de publicación, distribución, etc. Madrid :
Nombre del editor, distribuidor, etc. [s.n.],
Fecha de publicación, distribución, etc. 1891 (
Fabricante Imp. de la comp. de impresores y libreros à cargo de D. Agustín Aurial)
300 ## - DESCRIPCIÓN FÍSICA
Extensión 330 p. ;
Dimensiones 24 cm.
852 ## - LOCALIZACIÓN
Ubicación ES-MaACL
Número de control de estantería B-3886
Nota libre -- Enc. hol.
-- -- Legado M. de la Fuente
Encuadernación -- Edic.: 333 p. -- El imp. es: "Imp. ... á cargo de Agustín Avrial" -- En la cub. original consta: En el tit. "La guerra ...; traducción directa por Germán Berg y por el capitán Maximo Meyer"; en la mención de ed., 7ª ed.; y en el pie de imp.: La España Moderna
Holdings
Estatus retirado Estado de pérdida Estado de daño No para préstamo Colección Biblioteca de origen Biblioteca actual Ubicación en estantería Fecha de adquisición Fuente de adquisición Total de préstamos Signatura topográfica completa Código de barras Visto por última vez Precio de reemplazo Tipo de ítem Koha
        Libros del s. XIX Biblioteca del Ateneo de Madrid Biblioteca del Ateneo de Madrid Sala Pardo Bazán 17/01/2008     B-3886 1167430 23/02/2023 23/02/2023 Libro impreso antiguo